Religion , Caste and Nation In South India (Record no. 20292)

MARC details
000 -LEADER
fixed length control field 00334nam a22001337a 4500
020 ## - INTERNATIONAL STANDARD BOOK NUMBER
ISBN 0199451818
082 ## - DEWEY DECIMAL CLASSIFICATION NUMBER
Classification number 320.54 VAI
100 ## - MAIN ENTRY--AUTHOR NAME
Author name Vaithees, V. Ravi
245 ## - TITLE STATEMENT
Title Religion , Caste and Nation In South India
260 ## - PUBLICATION, DISTRIBUTION, ETC. (IMPRINT)
Place of publication New Delhi
Name of publisher Oxford University Press
Year of publication 2015
300 ## - PHYSICAL DESCRIPTION
Number of Pages 347
650 ## - SUBJECT ADDED ENTRY--TOPICAL TERM
Topical Term Nationalism - India
942 ## - ADDED ENTRY ELEMENTS (KOHA)
Koha item type Books
Holdings
Home library Current library Date acquired Source of acquisition Cost, normal purchase price Full call number Accession Number Koha item type
Henry Martyn Institute Library Henry Martyn Institute Library 02/21/2017 Flipkart 925.00 320.54 VAI 25158 Books
                   Copyright © 2026 | Henry Martyn Institute | Hyderabad | TS-500052 | INDIA | Implemented by hmi.edu.in
Hit-Count:

Powered by Koha